000 01237nam a22003617a 4500
003 CHAP
005 20220329133743.0
008 971013s1986 r 00010 d
010 _a10387
011 _a11359
035 _a10597
040 _cCHAP
090 _aTesis
100 0 0 _aCaballero Hernández, Filiberto.
_916560
245 _aEstudio genético y taxonómico de poblaciones de la raza de maíz tuxpeño
260 _aChapingo, Méx. :
_bEl autor,
_c1986
300 _a104 h.
_b; gráfs
502 _aTesis ( M. C. Esp. en Genética) -- Colegio de Postgraduados. Centro de Genética
590 _aALEPH
_b10
_c20130110
_lUCH01
_h1227
590 _aBATCH-UPD
_b10
_c20130110
_lUCH01
_h1428
590 _aBATCH-UPD
_b10
_c20130410
_lUCH01
_h0906
590 _aBATCH-UPD
_b10
_c20130914
_lUCH01
_h1747
590 _aCONVERSION
_b10
_c20130109
_lUCH01
_h1307
650 1 4 _aMaíz
_xClasificación.
_970901
650 1 4 _aMaíz
_xGenética.
_970963
650 1 4 _aMaíz
_xHíbridos.
_970974
650 1 4 _aMaíz
_xVariedades.
_971081
901 _aBK
942 _cFOLL
949 _bBC
_cTES
_d-22294
_eTS1
_h18855
_i10597
_si
949 _bBC
_cTES
_d-22295
_eTS2
_fc.2
_h18856
_i10597
_si
949 _bBC
_cTES
_d-22296
_eTS2
_fc.3
_h23405
_i10597
_si
999 _c10387
_d10387